| 000 | 00799nam a2200253 a 4500 | ||
|---|---|---|---|
| 001 | 000028683 | ||
| 003 | DO-SdBNP | ||
| 005 | 20230425084541.0 | ||
| 008 | 110411s2010 dr a 000 p spa d | ||
| 020 | _a9789945460247 | ||
| 040 |
_aDO-SdBNP _bspa _cBPMSU |
||
| 082 | 4 |
_aRD861.44 _bN576p _222 |
|
| 100 | 1 |
_aNg, Leibi _q(Ng, Leiby) |
|
| 245 | 1 | 0 |
_aPoemas del jardín : _b¡para leer un chín! / _cLeibi Ng ; prólogo Aída Bonnelly. |
| 260 |
_aSanto Domingo : _bEditorial Santuario, _c2010. |
||
| 300 |
_a[23 p.] : _bil. ; _c15 cm. |
||
| 490 | 0 | _aSantuario Infantil | |
| 590 | _6Inventariado, 2023/VM | ||
| 650 | 4 | _aPoesìa infantil dominicana | |
| 650 | 4 | _aLiteratura infantil dominicana | |
| 700 | 1 |
_aBonnelly, Aída, _epról. |
|
| 910 | _aVMateo V. Control de calidad (BPMSU) | ||
| 942 |
_2ddc _cBK |
||
| 999 |
_c14381 _d14381 |
||